| 000 | 00627nam a22001937a 4500 | ||
|---|---|---|---|
| 003 | OSt | ||
| 005 | 20190227105532.0 | ||
| 008 | 190227b xxu||||| |||| 00| 0 ara d | ||
| 040 | _aLB-BrCRDP | ||
| 082 | _a771.3 R988a | ||
| 100 | _aعبد الفتاح رياض | ||
| 245 | _aآلة التصوير | ||
| 250 | _aطبعة ثانية - منقحة مع اضافات | ||
| 260 |
_aالقاهرة _bمكتبة الأنجلو المصرية _c1966-@1961 |
||
| 300 |
_aص430 _cسم24 |
||
| 490 |
_aسلسلة مراجع التصوير الضوئي _vالكتاب الاول |
||
| 630 | _aآلة التصوير | ||
| 942 |
_2ddc _cBK |
||
| 999 |
_c22587 _d22587 |
||